What Country Is Missing? (A-E) - Statistics

General Stats
  • This quiz has been taken 101 times
  • The average score is 3 of 5
Answer Stats
Countries Missing Country % Correct
A Afghanistan / Albania / Algeria / Andorra / Angola / Antigua / Argentina / Armenia / Australia / Austria Azerbaijan
84%
D Denmark / Dominican Republic / Dominica / DRC Djibouti
84%
E East Timor / Ecuador / Egypt / El Salvador / Eritrea / Estonia / Eswatini / Ethiopia Equatorial Guinea
57%
C Cabo Verde / Cambodia / Cameroon / Canada / CAR / Chad / Chile / China / Colombia / Comoros / Congo / DRC / Costa Rica / Côte d’Ivoire / Croatia / Cuba / Czech Republic Cyprus
56%
B Bahamas / Bahrain / Bangladesh / Barbados / Belgium/ Belize / Benin / Bhutan / Bolivia / Bosnia / Botswana / Brazil/ Brunei / Bulgaria / Burkina Faso / Burundi Belarus
53%
No matching quizzes found
Score Distribution
Percent of People with Each Score
Percentile by Number Answered
Your Score History
You have not taken this quiz